Estadísticas para Países más Grandes sin Fronteras

Haz click aquí para tomar la prueba!

Estadísticas generales

  • Esta prueba ha sido tomada 6.199 veces
  • La puntuación promedio es 6 de 7

Estadísticas de respuestas

km2País% Correcto
7,692,024Australia
99%
587,041Madagascar
92%
270,467Nueva Zelanda
91%
377,930Japón
90%
109,884Cuba
85%
103,000Islandia
82%
300,000Filipinas
75%

Distribución de puntuación

Porcentaje por número respondido

Porcentaje de gente con cada puntuación

Historial de tus puntuaciones

No has tomado esta prueba